Zvukové nahrávky
Uloženo v:
LEADER 02284njm a2200517 a 4500
001 000475040
003 CZ BrMZK
005 20141130092923.0
008 010907s1972 xr f cze d
028 0 1 |a 1 12 1353  |b Supraphon 
028 0 1 |a 1 12 1352  |b Supraphon 
028 0 1 |a 1 12 1351  |b Supraphon 
028 0 3 |a 1 12 1354  |b Supraphon 
040 |a BOA001  |b cze 
080 |a 792.54(086.7)  |2 MRF 
080 |a 782.1(450)(086.7)  |2 MRF 
100 1 |a Mozart, Wolfgang Amadeus,  |d 1756-1791  |7 jn19990005867  |4 cmp 
245 1 0 |a Figarova svatba K. 492  |h [zvukový záznam] :  |b opera o 4 dějstvích /  |c Wolfgang Amadeus Mozart ; libreto Lorenzo da Ponte 
250 |a Vyd. 1. 
260 |a Praha :  |b Supraphon,  |c p1972 
300 |a 4 LP desky :  |b 33 ot/min, stereo ;  |c 30 cm +  |e 1 brožura [36 s.]. 
500 |a Nahr. neuv 
500 |a Durata neuv 
500 |a Libreto v brož. vícejaz. 
511 0 |a Dietr Fischer-Dieskau, baryton, Gundula Janowitz, soprán; Edith Mathis, soprán ... [et al.]. Sbor a orchestr Německé opery v Berlíně, sbm. Waltet Hagen-Groll, dir. Karl Böhm. 
653 0 |a italské operní texty  |a opery 
700 1 |a Vogel, Barbara,  |d 1939-  |7 mzk2014825506  |4 prf 
700 1 |a Wohlfahrt, Erwin,  |d 1932-1968  |7 xx0086420  |4 prf 
700 1 |a Böhm, Karl,  |d 1894-1981  |7 ola2002153465  |4 cnd 
700 1 |a Fischer-Dieskau, Dietrich,  |d 1925-2012  |7 jn19981001157  |4 prf 
700 1 |a Hagen-Groll, Walter,  |d 1927-  |7 xx0068956  |4 cnd 
700 1 |a Hirte, Klaus,  |d 1937-2002  |7 xx0160669  |4 prf 
700 1 |a Janowitz, Gundula,  |d 1937-  |7 mzk2004243638  |4 prf 
700 1 |a Lagger, Peter,  |d 1930-1979  |7 xx0151017  |4 prf 
700 1 |a Mathis, Edith,  |d 1938-  |7 mzk2009512265  |4 prf 
700 1 |a Da Ponte, Lorenzo,  |d 1749-1838  |7 jn19981000548  |4 lbt 
700 1 |a Prey, Hermann,  |d 1929-1998  |7 ola20050329003  |4 prf 
700 1 |a Taussig, Walter,  |d 1908-2003  |7 xx0177983  |4 prf 
700 1 |a Troyanos, Tatiana,  |d 1939-1993  |7 mzk2009544468  |4 prf 
700 1 |a Vantin, Martin,  |d 1919-  |7 xx0159806  |4 prf 
710 2 |a Deutsche Staatsoper Berlin.  |b Chor  |7 xx0075275 
710 2 |a Staatskapelle Berlin  |7 pna2005259493 
910 |a BOA001  |b LP-0008.549 
964 |a Opery  |x texty italské  |x LP 
990 |a AV 
996 6 |b 261H009224  |c LP-0008.549  |l MZK  |r Sklad / do 24 hodin  |n 0  |p dar  |w 000475040  |u 000010  |a 1  |e BOA001  |j MZK50  |s P